000 004710000a22001570004500
090 _aAR
_b00031
245 1 0 _aJardines botánicos y la conservación de la naturaleza
650 1 4 _aDiversidad vegetal
_96435
650 1 4 _aRecursos genéticos
_992757
650 1 4 _aJardines botánicos
_992821
650 1 4 _aConservación
_992401
041 0 _aEspañol
100 1 _aForero, Enrique
_992822
942 _cARTICULO
773 1 _tActa Botánica Brasileña
_320
_h2
_q315-322
_d1989
_g3
999 _c9134
_d9134